| 000 | 00585nam a22001817a 4500 | ||
|---|---|---|---|
| 008 | 161006b xxu||||| |||| 00| 0 eng d | ||
| 020 | _a0292743149 | ||
| 040 |
_aKABU _cKABU |
||
| 050 |
_aML3798 _b.K34 1993 C.1 |
||
| 100 | _aKaemmer, John | ||
| 245 |
_aMusic in human life _banthropological perspectives on music _cby John E. Kaemmer |
||
| 260 |
_aUSA _bUniversity of texas press _c1993 |
||
| 300 | _axii, 245 p. | ||
| 650 | _2Music and society | ||
| 650 | _2Music and anthropology | ||
| 650 | _2Ethnomusicology | ||
| 942 |
_2lcc _cBK _hML3798 .K34 1993 C.1 |
||
| 999 |
_c16159 _d16159 |
||